Život a dílo Terezie Dalbergové : urozená básnířka z dačického zámku /

Další autoři: Demeter, Peter, 1991-, Marešová, Dana
Jazyk: Němčina
Čeština
Vydáno: České Budějovice : Jihočeská univerzita v Českých Budějovicích, 2017
Vydání: Vydání první
Témata:
Fyzický popis: 85 stran : ilustrace, portréty, faksimile ; 21 cm
Language note: Částečně německý a částečně souběžný německý text, anglické resumé
Knihy
Uloženo v:
LEADER 02320nam a2200589 i 4500
001 nkc20182970606
003 CZ PrNK
005 20180221144310.0
007 ta
008 180117s2017 xr ach g 000 0bcze
015 |a cnb002970606 
020 |a 978-80-7394-675-3  |q (brožováno) 
035 |a (OCoLC)1028198909 
040 |a BOA001  |b cze  |d OLA001  |e rda 
041 1 |a cze  |a ger  |b eng  |h ger 
043 |a e-xr---  |b e-xr-jc  |2 czenas 
045 |a w6w9 
072 7 |a 821.112.2.09  |x Německá literatura, německy psaná (o ní)  |2 Konspekt  |9 11 
072 7 |a 929  |x Biografie  |2 Konspekt  |9 8 
080 |a 821.112.2-1-055.2  |2 MRF 
080 |a 929.7-055.2  |2 MRF 
080 |a 929  |2 MRF 
080 |a (437.319)  |2 MRF 
080 |a (048.8:082)  |2 MRF 
245 0 0 |a Život a dílo Terezie Dalbergové :  |b urozená básnířka z dačického zámku /  |c Peter Demeter, Dana Marešová (edd.) 
250 |a Vydání první 
264 1 |a České Budějovice :  |b Jihočeská univerzita v Českých Budějovicích,  |c 2017 
300 |a 85 stran :  |b ilustrace, portréty, faksimile ;  |c 21 cm 
336 |a text  |b txt  |2 rdacontent 
337 |a bez média  |b n  |2 rdamedia 
338 |a svazek  |b nc  |2 rdacarrier 
504 |a Obsahuje bibliografii a bibliografické odkazy 
546 |a Částečně německý a částečně souběžný německý text, anglické resumé 
600 1 7 |a Dalbergová, Theresia Maria,  |d 1866-1893  |7 xx0217636  |2 czenas 
610 2 7 |a Dačice (zámek)  |7 kn20040108006  |2 czenas 
648 4 |a 1866-1893 
648 7 |a 19. století  |7 ch460557  |2 czenas 
650 0 7 |a německy píšící básnířky  |7 ph983092  |y 19. století  |2 czenas 
650 0 7 |a šlechtičny  |7 ph127828  |z Česko  |y 19. století  |2 czenas 
650 0 9 |a women poets writing in German  |y 19th century  |2 eczenas 
650 0 9 |a noblewomen  |z Czechia  |y 19th century  |2 eczenas 
651 7 |a Dačice (Česko)  |7 ge128992  |2 czenas 
651 9 |a Dačice (Czechia)  |2 eczenas 
655 7 |a kolektivní monografie  |7 fd501537  |2 czenas 
655 9 |a collective monographs  |2 eczenas 
700 1 |a Demeter, Peter,  |d 1991-  |7 ola2017971995  |4 edt 
700 1 |a Marešová, Dana  |4 edt 
910 2 |a BOA001  |b 2-1402.452 
990 |a BK 
995 |a 01 
991 |b 201801  |c NOV 
996 6 |b 2610731839  |c 2-1402.452  |l MZK  |r Sklad / do 1 hodiny  |n 3  |p p.v.  |w 001648728  |u 000010  |a 1  |e BOA001  |j MZK50  |s P